• 首页
  • 本馆介绍
  • 公告通知
  • 最新文献
  • 馆藏检索
  • 电子资源
  • 读者导购
  • 参考咨询
  • 我的图书馆
  • 登录
  • 详细信息显示
  • 放入我的书架
  • 预约/预借图书
  • 作者相关作品
  • 分类相关作品
  • 丛书相关作品
  • 出版社相关作品

书目信息

  • 表格格式
  • 工作单格式
  • 卡片格式
题名:
魅力班会课
    
 
作者: 丁如许 主编
分册:   中职校卷
出版信息: 上海   华东师范大学出版社  2017
页数: 10,206页
开本: 23cm
丛书名: 大夏书系·全国中小学班主任培训用书
单 册:
中图分类: G718.3
科图分类:
主题词: 班会--中等专业学校--教学参考资料
电子资源:
ISBN: 978-7-5675-6927-0
000 01201oam2 2200265 450
001 3564
005 20180527165427.19
010    @a978-7-5675-6927-0@dCNY42.00
100    @a20171222d2017 em y0chiy50 ea
101 0  @achi
102    @aCN@b310000
105    @ay z 000yy
200 1  @a魅力班会课@9mei li ban hui ke@i中职校卷@f丁如许主编
210    @a上海@c华东师范大学出版社@d2017
215    @a10,206页@d23cm
225 2  @a大夏书系·全国中小学班主任培训用书@i“魅力班会课”系列丛书
314    @a丁如许,男,著名中学特级教师。现任上海新纪元教育集团丁如许工作室领衔人,并兼任上海、江苏、浙江等地的区、校班主任工作室导师。出版有《打造魅力班会课》、《魅力班会课(小学卷)(初中卷)(高中卷)》等专著、参编著作26部。
330    @a本书征集到全国各地中职校一线教师的25篇成熟教案,从设计背景、教育目标、课前准备到教育过程,手把手教大家如何开展魅力班会课。此外,作者对每篇教案进行了深入的点评,有助于大家掌握要点,摸清规律。
461  0 @12001 @a大夏书系·全国中小学班主任培训用书
462  0 @12001 @a“魅力班会课”系列丛书
606 0  @a班会@x中等专业学校@j教学参考资料
690    @aG718.3@v5
701  0 @a丁如许@9ding ru xu@4主编
801  0 @aCN@b91MARC@c20171222
905    @aMuseLib@dG718.3@e45
    
    魅力班会课.中职校卷/丁如许主编.-上海:华东师范大学出版社,2017
    10,206页;23cm.-(大夏书系·全国中小学班主任培训用书.“魅力班会课”系列丛书)
    
    
    ISBN 978-7-5675-6927-0:CNY42.00
    本书征集到全国各地中职校一线教师的25篇成熟教案,从设计背景、教育目标、课前准备到教育过程,手把手教大家如何开展魅力班会课。此外,作者对每篇教案进行了深入的点评,有助于大家掌握要点,摸清规律。
●
相关链接 在E读中查询图书 在五车中查询图书 在当当中查询图书 在豆瓣中查询图书


正题名:魅力班会课     索取号:G718.3/45         预约/预借

序号 登录号 条形码 馆藏地/架位号 状态 备注
1 1109708   211097089   第一样本阅览室/ [索取号:G718.3/45] 在馆    
2 1109709   211097098   教育系资料室/ [索取号:G718.3/45] 在馆    
3 1109710   211097105   教育系资料室/ [索取号:G718.3/45] 在馆    
4 1109711   211097114   第四借阅区/ [索取号:G718.3/45] 在馆    
唐山师范学院图书馆 欢迎您!
大连网信软件有限公司© 版权所有